Bogota Airport (BOG) Destinations - Statistics

General Stats
  • This quiz has been taken 219 times
  • The average score is 45 of 88
Answer Stats
Hint Answer % Correct
KLM Amsterdam
92%
Aerolíneas Argentinas, Avianca Buenos Aires
91%
Avianca, Avianca Perú, LATAM Perú, Viva Air, Viva Air Perú Lima
90%
Air Europa, Avianca, Iberia Madrid
90%
Aeroméxico, Avianca, Interjet, Wingo Mexico City
90%
Avianca, Delta Air Lines New York City
90%
American Airlines, Avianca, LATAM Colombia Miami
89%
Air France Paris
89%
Avianca Rio de Janeiro
89%
Avianca, LATAM Brasil Sao Paulo
88%
Satena Medellin (EOH)
87%
Avianca, LATAM Colombia, Viva Air Medellin (MDE)
87%
Avior Airlines, Wingo Caracas
86%
Avianca Los Angeles
86%
Avianca, Avianca Ecuador, Copa Airlines, Copa Airlines Colombia Panama City
86%
Avianca Ecuador, Wingo Quito
86%
Delta Air Lines Atlanta
85%
United Airlines Houston
85%
Avianca, LATAM Airlines Santiago
85%
Avianca, LATAM Colombia Cali
83%
Avianca Barcelona
82%
Avior Airlines Barcelona (Venezuela)
82%
American Airlines Dallas
82%
Air Canada Rouge Toronto
82%
Avianca Costa Rica, Wingo San Jose
80%
Satena San Jose del Guaviare
80%
Avianca London
79%
Avianca, Interjet, Wingo Cancun
78%
Lufthansa Frankfurt
76%
Avianca, LATAM Colombia, Viva Air, Wingo Cartagena
75%
Avianca, JetBlue Airways, Spirit Airlines Orlando
74%
Avianca Ecuador, Wingo Guayaquil
73%
Turkish Airlines Istanbul
72%
Avianca Washington D.C.
72%
Avianca, Wingo Havana
71%
Avianca, LATAM Colombia, Viva Air Barranquilla
65%
Avianca La Paz
65%
Avianca San Salvador
63%
Avianca, Wingo Santo Domingo
63%
Avianca Guatemala City
60%
Avianca Perú Cusco
57%
United Airlines Newark
57%
Avianca, JetBlue Airways, Spirit Airlines Fort Lauderdale
55%
Avianca Munich
51%
Avianca, Wingo Punta Cana
51%
Avianca, LATAM Colombia, Viva Air Bucaramanga
49%
Avianca San Juan
49%
Avianca, EasyFly, LATAM Colombia, Viva Air Pereira
43%
Avianca, LATAM Colombia, Viva Air Santa Marta
42%
Avior Airlines Valencia (Venezuela)
41%
Avianca, LATAM Colombia Leticia
40%
Avianca Pasto
40%
Avianca, LATAM Colombia, Viva Air Cucuta
39%
Avianca Armenia
35%
Avianca Ibagué
32%
Avianca, EasyFly Manizales
32%
Avianca, EasyFly Villavicencio
32%
Avianca, EasyFly Neiva
31%
Avianca, LATAM Colombia Valledupar
29%
Avianca, EasyFly Popayan
28%
Avianca, LATAM Colombia, Viva Air Monteria
27%
Avianca, Viva Air Riohacha
27%
Satena Buenaventura
25%
Avianca, EasyFly, LATAM Colombia Yopal
25%
Avianca, EasyFly, Satena Florencia
24%
Avianca, EasyFly Barrancabermeja
23%
EasyFly, Satena Quibdo
23%
Satena Arauca
21%
Avianca, Satena Tumaco
21%
Avianca, LATAM Colombia, Viva Air, Wingo San Andres Island
19%
Avianca Ecuador Santa Cruz de la Sierra
19%
Satena Ipiales
15%
Satena Mitu
15%
Satena Apartado
13%
Avianca, Avianca Ecuador, Wingo Oranjestad
13%
Satena Pitalito
13%
Avior Airlines Porlamar
13%
Satena Puerto Carreño
13%
Avianca, Avianca Ecuador, Wingo Willemstad
12%
EasyFly, Satena Puerto Asis
11%
Avianca Corozal
10%
Satena Saravena
9%
Wingo Balboa
8%
Satena Inirida
8%
Satena San Vicente del Caguan
8%
Satena Tame
8%
Satena Villagarzon
7%
EasyFly, Satena La Macarena
5%
No matching quizzes found
Score Distribution
Percent of People with Each Score
Percentile by Number Answered
Your Score History
You have not taken this quiz